Evaluating the impact of administrative decentralization on regional development in Nigeria as an alternative growth center strategy /

Bibliographic Details
Main Author: Salau, Ademola Tokunboh, 1946-
Format: Thesis Microform Book
Language:English
Published: [Place of publication not identified] : [publisher not identified] ; 1979.
Subjects:

MARC

Tag First Indicator Second Indicator Subfields
LEADER 00000cam a2200000 a 4500
001 in00000007294
005 20151005060029.0
007 hd afb|||||||
008 880223r19801979miu ab 00010 eng d
035 |a (OCoLC)17526806 
035 |9 AAA1778AM 
040 |a TXA  |c TXA  |d UtOrBLW 
043 |a f-nr--- 
049 |a TXAI 
099 |a film  |a B  |a 2327 
100 1 |a Salau, Ademola Tokunboh,  |d 1946- 
245 1 0 |a Evaluating the impact of administrative decentralization on regional development in Nigeria as an alternative growth center strategy /  |c by Ademola Tokunboh Salau. 
264 1 |a [Place of publication not identified] :  |b [publisher not identified] ;  |c 1979. 
300 |a xvii, 256 leaves. 
336 |a text  |b txt  |2 rdacontent 
337 |a microform  |b h  |2 rdamedia 
338 |a microfilm reel  |b hd  |2 rdacarrier 
502 |b Ph. D.  |c Rutgers University  |d 1979. 
500 |a Vita. 
504 |a Bibliography: leaves 229-239. 
533 |a Microfilm.  |b Ann Arbor, Mich. :  |c University Microfilms International,  |d 1980.  |e 1 microfilm reel ; 35 mm. 
500 |a Microform. 
651 0 |a Nigeria  |x Administrative and political divisions. 
650 0 |a Regional planning  |z Nigeria. 
999 |a MARS 
999 f f |s b658abef-93ea-3f52-a107-854f56c1b297  |i bbbc9bb2-03cf-35c9-a76e-a9a679b9284e  |t 0 
952 f f |p default  |a Texas A&M University  |b College Station  |c Sterling C. Evans Library  |d Evans: Microforms (3rd floor)  |t 0  |e film B 2327  |h Other scheme  |i microform -- microfilm reel 
998 f f |a film B 2327  |t 0  |l Evans: Microforms (3rd floor)